|
|
|
|
| LEADER |
00000nab a2200000 a 4500 |
| 001 |
vtls010258845 |
| 003 |
SK-MaSNL |
| 005 |
20260304161904.0 |
| 008 |
25050709c2009 xo o |||||||||||||||slon |
| 015 |
|
|
|a SNBRB2009/07
|
| 035 |
|
|
|a SVKKK000096618
|
| 035 |
|
|
|a urn:nbn:sk:snk-ab78gi
|
| 035 |
|
|
|a (uuid)71a432ab-7ac3-421c-8401-f45a92d53559
|
| 035 |
|
|
|a (urnnbn)urn:nbn:sk:snk:ar-a076v2
|
| 035 |
|
|
|a (sysno)vtls010258845
|
| 038 |
|
|
|a SVKKK
|
| 040 |
|
|
|a SNKBUCL
|b slo
|c SNKBUCL
|e AACR2
|
| 041 |
0 |
|
|a eng
|b eng
|
| 044 |
|
|
|a xo
|c SK
|
| 080 |
|
|
|a 565.33(234.42)
|2 1997
|
| 080 |
|
|
|a 551.782.1
|2 1997
|
| 245 |
0 |
0 |
|a Early Miocene ostracods from the Sadovi section (Mt Požeška gora, Croatia)
|c Valentina Hajek-Tadesse ... [et al.]
|
| 300 |
|
|
|b Obr., tab.
|
| 504 |
|
|
|a Bibliogr. odkazy
|
| 546 |
|
|
|a Res. angl.
|
| 650 |
0 |
7 |
|a lastúrničky
|2 SNKPH
|9 50785
|
| 650 |
0 |
7 |
|a paleoekológia
|2 SNKPH
|9 67675
|
| 650 |
0 |
7 |
|a miocén
|2 SNKPH
|9 50702
|
| 651 |
|
7 |
|a Požeška gora (Chorvátsko)
|2 SNK
|9 1486558
|
| 700 |
1 |
|
|a Hajek-Tadesse, Valentina
|4 aut
|9 1486559
|
| 700 |
1 |
|
|a Belak, Mirko
|4 aut
|9 1486560
|
| 700 |
1 |
|
|a Sremac, Jasenka
|4 aut
|9 1486561
|
| 700 |
1 |
|
|a Vrsaljko, Davor
|4 aut
|9 1449516
|
| 700 |
1 |
|
|a Wacha, Lara
|4 aut
|9 1486562
|
| 773 |
0 |
|
|t Geologica carpathica
|g Roč. 60, č. 3 (2009), s. 251-262
|x 1335-0552
|
| 850 |
|
|
|a Slovenská národná knižnica
|
| 852 |
|
|
|a Slovenská národná knižnica
|
| 958 |
|
|
|a article27
|
| 958 |
|
|
|a NB
|
| 958 |
|
|
|a HR
|
| 958 |
|
|
|a OND
|
| 958 |
|
|
|a EUIPO
|
| 999 |
|
|
|c 2972613
|d 2974543
|